| 000 -ლიდერი |
| ფიქსირებული სიგრძის საკონტროლო ველი |
01727nam a22002657a 4500 |
| 003 - საკონტროლო ნომრის იდენტიფიკატორი |
| საკონტროლო ველი |
Ge_BSU |
| 005 - ბოლო ოპერაციის თარიღი და დრო |
| საკონტროლო ველი |
20220720115601.0 |
| 008 - ფიქსირებული სიგრძის მონაცემთა ელემენტები - ზოგადი ინფორმაცია |
| ფიქსირებული სიგრძის საკონტროლო ველი |
220720s2021ge xxu||||| |||| 00| 0 geo d |
| 020 ## - წიგნის საერთაშორისო სტანდარტული ნომერი |
| International Standard Book Number |
9789941259692 |
| 041 ## - ენის კოდი |
| Language code of text/sound track or separate title |
geo |
| 080 ## - უნივერსალური ათობითი კლასიფიკაციის ინდექსი |
| Universal Decimal Classification number |
94(479.224) ა-93 |
| 245 ## - ცნობა სათაურის შესახებ |
| Title |
აფხაზეთი საქართველოა : |
| Remainder of title |
ისტორიული რაკურსი / |
| Statement of responsibility, etc |
პროექტის ხელმძღ. ზურაბ პაპასქირი ; ზურაბ ხონელიძე (კოორდინატორი) [და სხვ]. |
| 264 ## - წარმოების, გამოცემის, დისტრიბუციის და სხვა ცნობები |
| გამოცემის, წარმოების, დისტრიბუციის... ადგილი |
თბილისი: |
| გამოცემის, წარმოების, დისტრიბუციის... სახელწოდება |
სოხუმის სახელმწიფო უნივერსიტეტი, |
| გამოცემის, წარმოების, დისტრიბუციის... თარიღი |
2021. |
| 300 ## - ფიზიკური აღწერა |
| Extent |
702 გვ.: |
| Other physical details |
25 სმ. |
| 500 ## - ზოგადი შენიშვნა |
| General note |
ნაშრომი მომზადდა შოთა რუსთაველის ეროვნული სამეცნიერო ფონდის საგრანტო პროექტის ფარგლებში |
| 504 ## - BIBLIOGRAPHY, ETC. NOTE |
| Bibliography, etc |
ბიბლიოგრ.გვ: 633-702 |
| 546 ## - LANGUAGE NOTE |
| Language note |
პარალელური თავფურცელი ინგლისურ ენაზე |
| 653 ## - INDEX TERM--UNCONTROLLED |
| Uncontrolled term |
აფხაზეთი საქართველოა |
| 653 ## - INDEX TERM--UNCONTROLLED |
| Uncontrolled term |
აფხაზეთის ისტორია |
| 653 ## - INDEX TERM--UNCONTROLLED |
| Uncontrolled term |
ისტორია |
| 700 ## - ADDED ENTRY--PERSONAL NAME |
| Personal name |
პაპასქირი, ზურაბ |
| Relator term |
პროექტის ხელმძღვანელი |
| 9 (RLIN) |
14448 |
| 700 ## - ADDED ENTRY--PERSONAL NAME |
| Personal name |
ხონელიძე, ზურაბ |
| Relator term |
კოორდინატორი |
| 9 (RLIN) |
14449 |
| 710 ## - ADDED ENTRY--CORPORATE NAME |
| Corporate name or jurisdiction name as entry element |
სოხუმის სახელმწიფო უნივერსიტეტი |
| 9 (RLIN) |
25 |
| 942 ## - ADDED ENTRY ELEMENTS (KOHA) |
| Source of classification or shelving scheme |
|
| Koha item type |
წიგნი |